Le Rire (Record no. 2158)
[ view plain ]
| 000 -LEADER | |
|---|---|
| campo de control de longitud fija | 01180nas a22002891 #4500 |
| 001 - NÚMERO DE CONTROL | |
| campo de control | 2158 |
| 003 - IDENTIFICADOR DE NÚMERO DE CONTROL | |
| campo de control | ES-MaACL |
| 005 - FECHA Y HORA DE LA ÚLTIMA TRANSACCIÓN | |
| campo de control | 20250822100006.0 |
| 007 - CAMPO FIJO DE DESCRIPCIÓN FÍSICA--INFORMACIÓN GENERAL | |
| campo de control de longitud fija | t| |
| 008 - DATOS DE LONGITUD FIJA--INFORMACIÓN GENERAL | |
| campo de control de longitud fija | 950801d18941959fr z| p | 1 ||re d |
| 022 ## - NÚMERO INTERNACIONAL NORMALIZADO PARA PUBLICACIONES SERIADAS | |
| Número Internacional Normalizado para Publicaciones Seriadas | 1154-7499 |
| 080 ## - NÚMERO DE LA CLASIFICACIÓN DECIMAL UNIVERSAL | |
| Número de la Clasificación Decimal Universal | 44 |
| 245 03 - MENCIÓN DEL TÍTULO | |
| Título | Le Rire |
| Resto del título | : journal humoristique. |
| 246 3# - FORMA VARIANTE DEL TITULO | |
| Título propio/Titulo breve | Le Rire (Paris. 1894) |
| 246 33 - FORMA VARIANTE DEL TITULO | |
| Título propio/Titulo breve | Le Rire rouge |
| Fecha o designación secuencial | , nov. 1914-1918 |
| 260 ## - PUBLICACIÓN, DISTRIBUCIÓN, ETC. | |
| Lugar de publicación, distribución, etc. | Paris : |
| Nombre del editor, distribuidor, etc. | F. Juven, |
| Fecha de publicación, distribución, etc. | 1894-1959. |
| 300 ## - DESCRIPCIÓN FÍSICA | |
| Extensión | 22 v. : |
| Otras características físicas | il., grab. ; |
| Dimensiones | 31 cm. |
| 310 ## - PERIODICIDAD ACTUAL | |
| Periodicidad actual | Mensual, |
| Fecha de comienzo de la periodicidad actual | 1946- |
| 321 ## - PERIODICIDAD ANTERIOR | |
| Periodicidad anterior | Decenal |
| 362 1# - FECHAS DE PUBLICACIÓN Y/O DESIGNACIÓN SECUENCIAL | |
| Fecha de publicación y/o designación secuencial | N° 1 (1894, 10 novembre)-9e année, n° 430 (1903, 31 janvier) ; n.s., n° 1 (1903, 7 février)-n° 600 (1914, 1er août) ; édition de guerre, n° 1 (1914, 21 novembre)-n° 215 (1918, 28 décembre) ; 25e année, n° 1 (1919, 4 janvier)-46e année, n° 1070/1071 (1940, 1er juin) ; n.s., n° 1 (1946, janvier)-n° 49 (1949, Noël) ; n.s., n° 1 (1951, octobre)-n° 235 (1971, avril) [?] |
| 650 17 - PUNTO DE ACCESO ADICIONAL DE MATERIA--TÉRMINO DE MATERIA | |
| Término de materia o nombre geográfico como elemento de entrada | Sátira |
| Fuente del encabezamiento o término | embne |
| 9 (RLIN) | 16997 |
| 700 1# - ENTRADA AGREGADA--NOMBRE PERSONAL | |
| Nombre de persona | Juven, Félix. |
| 9 (RLIN) | 128414 |
| 852 ## - LOCALIZACIÓN | |
| Ubicación | ES-MaACL |
| Número de control de estantería | Z-41 |
| Signatura antigua | Olim: Hem-540 |
| 866 #0 - MENCIÓN TEXTUAL DE FONDOS--UNIDAD BIBLIOGRÁFICA BÁSICA | |
| Fondos | (1896) 1897-1905 (1906) 1907-09 (1910) 1911-19 (1920). |
| 942 ## - ELEMENTOS DE ENTRADA SECUNDARIOS (KOHA) | |
| Fuente del sistema de clasificación o colocación | Clasificación decimal universal |
| Estatus retirado | Estado de pérdida | Fuente del sistema de clasificación o colocación | Estado de daño | No para préstamo | Colección | Biblioteca de origen | Biblioteca actual | Ubicación en estantería | Fecha de adquisición | Total de préstamos | Signatura topográfica completa | Código de barras | Visto por última vez | Precio de reemplazo | Tipo de ítem Koha |
|---|---|---|---|---|---|---|---|---|---|---|---|---|---|---|---|
| Clasificación decimal universal | Periódicos y Revistas | Biblioteca del Ateneo de Madrid | Biblioteca del Ateneo de Madrid | Depósito | 17/01/2008 | Z-41 | 1002197 | 23/02/2023 | 23/02/2023 | Revista |
